<?xml version="1.0" encoding="UTF-8"?>
<collection xmlns="http://www.loc.gov/MARC21/slim">
 <record>
  <leader>01561nam a2200229Ia 4500</leader>
  <controlfield tag="001">CTU_139437</controlfield>
  <controlfield tag="008">210402s9999    xx            000 0 und d</controlfield>
  <datafield tag="082" ind1=" " ind2=" ">
   <subfield code="a">634.3</subfield>
  </datafield>
  <datafield tag="082" ind1=" " ind2=" ">
   <subfield code="b">V121</subfield>
  </datafield>
  <datafield tag="088" ind1=" " ind2=" ">
   <subfield code="a">60420201</subfield>
  </datafield>
  <datafield tag="100" ind1=" " ind2=" ">
   <subfield code="a">Phạm, Mỹ Vân</subfield>
  </datafield>
  <datafield tag="245" ind1=" " ind2="0">
   <subfield code="a">Vi ghép đỉnh sinh trưởng và đánh giá sự sạch bệnh vàng lá greening trên cây cam mật [Citrus sinensis (L.) Osb.] :</subfield>
  </datafield>
  <datafield tag="245" ind1=" " ind2="0">
   <subfield code="b">Luận văn thạc sĩ Công nghệ sinh học</subfield>
  </datafield>
  <datafield tag="245" ind1=" " ind2="0">
   <subfield code="c">Phạm Mỹ Vân; Nguyễn Bảo Toàn (Giáo viên hướng dẫn)</subfield>
  </datafield>
  <datafield tag="260" ind1=" " ind2=" ">
   <subfield code="a">Cần Thơ</subfield>
  </datafield>
  <datafield tag="260" ind1=" " ind2=" ">
   <subfield code="b">Trường Đại học Cần Thơ</subfield>
  </datafield>
  <datafield tag="260" ind1=" " ind2=" ">
   <subfield code="c">2008</subfield>
  </datafield>
  <datafield tag="520" ind1=" " ind2=" ">
   <subfield code="a">Đề tài &quot; Vi ghép đỉnh sinh trưởng và đánh giá sự sạch bệnh vàng lá greening trên cây cam mật [Citrus sinensis (L.) Osb.] &quot; nhằm đạt được mục tiêu sau: Xác định được kỹ thuật vi ghép ĐST cải tiến trên giống cam mật thông qua vi nhân giống gián tiếp ĐST và vi ghép trong nhà lưới. Xác định các yếu tố môi trường ảnh hưởng đến sự nhân chồi thông qua vi nhân giống gián tiếp ĐST. Kiểm tra sự sạch bệnh VLG của chồi ghép ở mức độ DNA.</subfield>
  </datafield>
  <datafield tag="650" ind1=" " ind2=" ">
   <subfield code="a">Citrus fruit,Citrus fruit,Cây có múi</subfield>
  </datafield>
  <datafield tag="650" ind1=" " ind2=" ">
   <subfield code="x">Diseases and pests,Varieties,Côn trùng và bệnh hại</subfield>
  </datafield>
  <datafield tag="904" ind1=" " ind2=" ">
   <subfield code="i">Năm</subfield>
  </datafield>
  <datafield tag="980" ind1=" " ind2=" ">
   <subfield code="a">Trung tâm Học liệu Trường Đại học Cần Thơ</subfield>
  </datafield>
 </record>
</collection>
